Физико-химические основы и математическое моделирование переработки стабильных газовых конденсатов на цеолитном катализаторе: автореферат диссертации на соискание ученой степени кандидата технических наук; спец. 1.4.4
| Egile nagusia: | |
|---|---|
| Erakunde egilea: | |
| Beste egile batzuk: | |
| Gaia: | Заглавие с титульного экрана Электронная версия печатной публикации Защита сост. 24.10.2023 |
| Hizkuntza: | errusiera |
| Argitaratua: |
Томск, 2023
|
| Gaiak: | |
| Sarrera elektronikoa: | https://earchive.tpu.ru/handle/11683/76939 |
| Formatua: | MixedMaterials Baliabide elektronikoa Liburua |
| KOHA link: | https://koha.lib.tpu.ru/cgi-bin/koha/opac-detail.pl?biblionumber=379218 |
MARC
| LEADER | 00000nlm0a2200000 4500 | ||
|---|---|---|---|
| 001 | 379218 | ||
| 005 | 20231207163728.0 | ||
| 035 | |a (RuTPU)RU\TPU\retro\36681 | ||
| 035 | |a RU\TPU\retro\36678 | ||
| 090 | |a 379218 | ||
| 100 | |a 20230807d2023 k y0rusy50 ca | ||
| 101 | 0 | |a rus | |
| 102 | |a RU | ||
| 105 | |a a dm 000zy | ||
| 135 | |a drcn ---uucaa | ||
| 181 | 0 | |a i | |
| 182 | 0 | |a b | |
| 200 | 1 | |a Физико-химические основы и математическое моделирование переработки стабильных газовых конденсатов на цеолитном катализаторе |e автореферат диссертации на соискание ученой степени кандидата технических наук |e спец. 1.4.4 |f А. А. Алтынов |g Национальный исследовательский Томский политехнический университет ; науч. рук. Е. И. Короткова | |
| 203 | |a Текст |c электронный | ||
| 210 | |a Томск |d 2023 | ||
| 215 | |a 1 файл (1 237 КБ) | ||
| 300 | |a Заглавие с титульного экрана | ||
| 300 | |a Электронная версия печатной публикации | ||
| 300 | |a Защита сост. 24.10.2023 | ||
| 452 | |0 379502 |9 379502 |a Алтынов, А. А. (химик ; 1994-) |c Томск |d 2023 |n [Б. и.] |o автореферат диссертации на соискание ученой степени кандидата технических наук |p 22 с. |t Физико-химические основы и математическое моделирование переработки стабильных газовых конденсатов на цеолитном катализаторе | ||
| 606 | 1 | |a Газы природные |x Переработка |2 stltpush |3 (RuTPU)RU\TPU\subj\33825 | |
| 606 | 1 | |a Катализаторы цеолитсодержащие |2 stltpush |3 (RuTPU)RU\TPU\subj\34102 | |
| 610 | 1 | |a электронный ресурс | |
| 610 | 1 | |a авторефераты диссертаций | |
| 610 | 1 | |a труды учёных ТПУ | |
| 610 | 1 | |a газовые конденсаты | |
| 610 | 1 | |a рациональное использование | |
| 610 | 1 | |a каталитическая переработка | |
| 610 | 1 | |a автомобильные бензины | |
| 610 | 1 | |a цеолитные катализаторы | |
| 610 | 1 | |a технология переработки | |
| 610 | 1 | |a физико-химические закономерности | |
| 610 | 1 | |a кинетические модели | |
| 610 | 1 | |a математические модели | |
| 610 | 1 | |a октановые числа | |
| 610 | 1 | |a рецептуры | |
| 610 | 1 | |a изомеризация | |
| 610 | 1 | |a крекинг | |
| 610 | 1 | |a кинетические параметры | |
| 675 | |a 665.62(04) |v 4 | ||
| 675 | |a 665.644(04) |v 4 | ||
| 686 | |a 02.00.04 |2 oksvnk | ||
| 700 | 1 | |a Алтынов |b А. А. |c химик |c инженер-исследователь Томского политехнического университета |f 1994- |g Андрей Андреевич |3 (RuTPU)RU\TPU\pers\46561 | |
| 702 | 1 | |a Короткова |b Е. И. |c химик |c профессор Томского политехнического университета, доктор химических наук |f 1965- |g Елена Ивановна |3 (RuTPU)RU\TPU\pers\27109 |4 727 | |
| 712 | 0 | 2 | |a Национальный исследовательский Томский политехнический университет |c (2009- ) |3 (RuTPU)RU\TPU\col\15902 |9 26305 |
| 801 | 2 | |a RU |b 63413507 |c 20230809 |g RCR | |
| 856 | 4 | |u https://earchive.tpu.ru/handle/11683/76939 | |
| 942 | |c CF | ||